00611nam a22002177a 450000500170000001000130001702000260003003500130005603700160006904000120008508200180009710000200011524500620013526000400019727000560023730000210029350000190031465000230033365000310035665000060038720170124105917.0 aB-219771 c600.00a9788174452917 aB-219771 bCen Lib/Ret aDPLbEN a338.4791bKAB aKabia, Sunil K. aTourism and the developing countries /cby Sunil K. Kabia aNew DelhibMohit Publicationsc2005 bNew Delhia4675/21, Ansari Road, Darya Ganje110002 av,300p.c22cmHb) aIncludes index aTravel and Tourism aDeveloping country-Tourism a